Cape Town Trivia - Statistics

General Stats
  • This quiz has been taken 437 times
  • The average score is 10 of 16
Answer Stats
Clue Answer % Correct
Country that established Cape Town in 1652. Netherlands
94%
Another 22.5% are native speakers of this language. Afrikaans
89%
Flat-topped mountain that overlooks Cape Town. Table Mountain
85%
About 67.7% of the population has this language as their mother tongue. English
81%
Cape Town is the ________most city in Africa. Southern
79%
Island where Nelson Mandela was prisoned. Robben Island
75%
Archbishop of Cape Town who received the Nobel Peace Prize in 1984. Desmond Tutu
70%
At 68,28 per 100,000 people, Cape Town has the highest ________ rate in Africa. Homicide
66%
Cape Town is the _________ capital of South Africa. Legislative
65%
Tourists come to the Boulder Beach to visit this animal. African Penguin
62%
South African province in which Cape Town is located. Western Cape
62%
Rocky headland that was falsely thought to be Africa's southernmost point. Cape of Good Hope
59%
European explorer who sighted the above, but did not stop in 1497. Vasco da Gama
56%
Nickname of Cape Town. {Mother} City
25%
Small bay surrounded by the Cape Peninsula. False Bay
21%
2012 movie, starring Denzel Washington and Ryan Reynolds, that is set in Cape Town. Safe House
9%
No matching quizzes found
Score Distribution
Percent of People with Each Score
Percentile by Number Answered
Your Score History
You have not taken this quiz